Tổ chức quá trình học tập kinh tế chính trị.

محفوظ في:
التفاصيل البيبلوغرافية
التنسيق: Sách giấy
اللغة:Vietnamese
منشور في: H.: Sách giáo khoa Mác - Lê-Nin, 19981.
الوسوم: إضافة وسم
لا توجد وسوم, كن أول من يضع وسما على هذه التسجيلة!
Thư viện lưu trữ: Thư viện Trường Đại học Đà Lạt
LEADER 00593nam a2200253 4500
001 DLU140159876
005 ##20140219
040 # # |a DLU  |b vie 
041 # # |a vie 
044 # # |a vn 
082 # # |a 335.412  |b Toc 
245 # # |a Tổ chức quá trình học tập kinh tế chính trị. 
260 # # |a H.:  |b Sách giáo khoa Mác - Lê-Nin,  |c 19981. 
300 # # |a 339 tr. ;  |c 19 cm. 
991 # # |a SH 
992 # # |a 1100 
994 # # |a DLU 
900 # # |a True 
911 # # |a Trương Thị Mỹ Lệ 
925 # # |a G 
926 # # |a A 
927 # # |a SH 
980 # # |a Thư viện Trường Đại học Đà Lạt